Представление документа в формате RUSMARC

ПолеНазваниеЗначение
  Тип записи a
  Библиографический уровень m
001 Контрольный номер RU/CBS_UL/BASE/36950da79c9d4de09b1f5cb1d8139fe3
005 Дата корректировки 20260406155107.2
010 Индекс ISBN __
a ISBN 3-7742-1067-5
b Уточнения в пер.
d Цена 300 р. 00 к.
9 Тираж экз.
010 Индекс ISBN __
a ISBN 985-6102-07-3
100 Данные общей обработки __
a Данные общей обработки 20260406d 0rusy0189## ca
101 Язык документа 0_
a Язык текста rus
102 Страна публикации __
a Страна публикации RU
200 Заглавие и сведения об ответственности 1_
a Заглавие Балконные и горшечные растения
e Сведения, относящиеся к заглавию большой путеводитель по горшечным цветам
e Сведения, относящиеся к заглавию фото и руководство по уходу за любыми балконными растениями. Зелень и овощи
f Первые сведения об ответственности Х. Хейтц
g Последующие сведения об ответственности пер. В. В. Черкасов
g Последующие сведения об ответственности 350 цв. фот. Ф. Штрауса, 120 цв. фот. Г. Янковича и У. Дорнера
210 Выходные данные 1_
a Место издания Вильнюс
c Издательство Гамта
210 Выходные данные 1_
a Место издания Минск
c Издательство ЛИЛЬТ
d Дата издания 1997
215 Физическое описание __
a Объем 237, [1] с.
c Иллюстрации/тип воспроизводства ил., фот.
d Формат 26,5 см.
225 Серия 2_
a Серия Как прекрасно вы цветете...
300 Общие примечания __
a Общие примечания 12+
606 Тематические рубрики 0_
a Основная рубрика Цветочные культуры - Озеленение балконов
610 Ключевые слова 0_
a Ключевые слова растения в жилых помещениях; озеленение балконов; растения для балконов; ; уход за растениями; перезимовка растений; болезни растений; балконные цветы; горшечные растения; зелень и овощи на балконе
686 Индексы других классификаций __
2 Код системы rubbk
a Классификационный индекс 42
700 Автор _1
a Фамилия Хейтц
b Имя (инициалы) Х.
g Полное личное имя Халина
801 Источник записи _0
a Страна RU
b Организация МБУК ЦБС г. Ульяновска
c Дата составления 20260406
g Правила каталогизации RCR
801 Источник записи _1
a Страна RU
b Организация МБУК ЦБС г. Ульяновска
c Дата составления 20260406
g Правила каталогизации RCR
852 Данные о местонахождении __
i Авторский знак Х 35
j Шифр хранения 42
900 Электронные ресурсы __
a Имя электронного ресурса х. хейтц балкон
901 Тип документа __
t Тип документа m
909 Создатель записи __
a Создатель записи obr2
b Дата создания записи 20260406